[Event "Linares 12th"]
[Site "Linares"]
[Date "1994.??.??"]
[Round "6"]
[White "Beliavsky, Alexander G"]
[Black "Lautier, Joel"]
[Result "1/2-1/2"]
[WhiteElo "2650"]
[BlackElo "2625"]
[Annotator "Chekhov,V"]
[PlyCount "67"]
[EventDate "1994.02.??"]
[EventType "tourn"]
[EventRounds "13"]
[EventCountry "ESP"]
[EventCategory "18"]
[SourceTitle "CBM 040"]
[Source "ChessBase"]
[SourceDate "1994.06.01"]
[SourceVersion "1"]
[SourceVersionDate "1994.06.01"]
[SourceQuality "1"]

1. d4 {Ftacnik} d5 2. c4 dxc4 3. e4 Nc6 4. Be3 Nf6 5. Nc3 e5 6. d5 Ne7 7. Bxc4
a6 $1 $146 (7... Ng6 8. Bb5+ $1 (8. f3 Bd6 9. Qd2 Bd7 10. Nge2 a6 $1 11. Bb3 b5
12. a4 O-O 13. O-O Qe7 14. Rac1 Nh5 15. g3 h6 16. Bc2 Rab8 17. axb5 axb5 18.
Ra1 $14 {Ivanchuk,V-Wolff,P/Biel(izt)/1993/0,5 (72) Inf 58/414/}) (8. h4 {
Ftacnik} h5 9. f3 a6 10. Qd2 Bd6 11. Nge2 Qe7 12. Nc1 b5 13. Bb3 Nd7 14. Nd3
Nc5 15. Nxc5 Bxc5 16. O-O-O Bd7 17. d6 Bxd6 18. Nd5 Qd8 19. g4 a5 20. gxh5 Rxh5
21. Rdg1 Be6 22. Qe2 Rxh4 23. Rxh4 Qxh4 24. Nxc7+ Bxc7 25. Bxe6 $16 {Notkin,
M-Yagupov,I/St.Petersburg op/1993/1-0 (34)}) 8... Nd7 9. Nge2 $14) 8. f3 (8.
Qb3 b5 9. Be2 Ng6 {/\Bd6 /}) 8... Ng6 9. Nge2 Bd6 10. Qd2 Bd7 (10... h5 {
Ftacnik} 11. Bd3 h4 12. O-O-O b5 13. Kb1 Bd7 14. Rc1 Qe7 15. Bg5 O-O 16. Nd1
Rfb8 17. g3 h3 18. g4 b4 19. Ng3 Nf4 20. Ne3 g6 21. Nc4 Bb5 22. Bxf4 exf4 23.
Ne2 Bxc4 24. Bxc4 Nd7 25. Nd4 $13 {Hsu Li Yang-Murshed,N/Dubai Asian Cities/
1992/0.5 (43)}) (10... Qe7 {Ftacnik} 11. Nc1 O-O 12. Nd3 Nh5 13. g3 Bd7 14.
O-O-O b5 15. Bb3 a5 16. a4 b4 17. Ne2 Rfc8 18. Kb1 Qe8 19. Nec1 Bxa4 20. Bxa4
Qxa4 21. b3 Qb5 22. Nb2 Nf6 23. Na4 Nd7 24. Nd3 c5 25. dxc6 $17 {Rodriguez,
R-Mascarinas,R/Cebu (01)/1992/0-1 (63)}) 11. Ng3 (11. Bb3 {Ftacnik} b5 12. a4
O-O 13. O-O Qe7 14. Rac1 Nh5 15. g3 h6 16. Bc2 Rab8 17. axb5 axb5 18. Ra1 $14
Ra8 19. Bd3 Bb4 20. Rxa8 Rxa8 21. Qc2 $2 Bc5 $1 22. Nd1 Bd6 23. Nf2 Nhf4 $1 24.
Rc1 Qg5 $1 25. Kh1 $14 {Ivanchuk,V-Wolff,P/Biel izt/1993/0.5 (72)}) 11... h5 $5
12. O-O-O $6 (12. h4 $5 Ng8 13. O-O-O Nxh4 14. Kb1 {/\Rh2,Rdh1/}) 12... h4 (
12... Bb4 {Ftacnik} 13. h4 $14) 13. Nf5 Bxf5 14. exf5 Ne7 15. g4 $1 (15. Qc2
Qd7) (15. Qd3 {Ftacnik} Qd7 16. g4 hxg3 17. hxg3 Rxh1 18. Rxh1 Nxf5 19. Rh8+
Bf8 $15) 15... hxg3 16. hxg3 Rxh1 17. Rxh1 Nxf5 18. Bg5 (18. Rh8+ {Ftacnik} Bf8
19. Bc5 Nd7 20. Bxf8 Nxf8 $15) 18... Qd7 (18... Nxg3 $2 19. Rh8+ Bf8 20. Qe1 $1
Nf5 21. Qxe5+) (18... Bf8 {Ftacnik} 19. Qe1 Qe7 $1) 19. Bf1 (19. Bxf6 {Ftacnik}
gxf6 20. Ne4 O-O-O 21. Nxf6 Qa4 $36) 19... Nd4 (19... Nxg3 20. Rh8+ Bf8 21. Bh3
Qd6 22. Qe1 Ngh5 (22... e4 {Ftacnik} 23. f4 Ngh5 24. Rxh5 $1 Nxh5 25. Nxe4 $18)
23. f4) (19... O-O-O {Ftacnik} 20. Bh3 Be7 21. d6 cxd6 22. Qc2 g6 23. Nd5+ Kb8
24. Bxf5 gxf5 25. Nxe7 Qxe7 26. Qxf5 $16) 20. Rh8+ Bf8 21. Bh3 Qd6 22. f4 Nxd5
(22... Nf3 23. Qd3 Nxg5 24. fxg5 Nd7 25. Ne4 Qb4 26. d6 $36) 23. fxe5 Qxe5 24.
Bf4 (24. Nxd5 {Ftacnik} Qxd5 25. Qe3+ Ne6 $17) 24... Nxf4 25. gxf4 Qd6 (25...
Qf6 $2 {Ftacnik} 26. Qe3+ Ne6 27. Nd5 $18) 26. Qe1+ (26. Qe3+ $2 Ne6 $1 27. f5
Qf4) 26... Qe7 (26... Kd8 {Ftacnik} 27. Qh4+ $1 (27. Qe5 Qxe5 28. fxe5 Ke8 29.
Nd5 Nb5 30. a4 Rd8 $17) 27... f6 28. Qh5 $40) (26... Ne6 {Ftacnik} 27. f5 $16)
27. Qf2 Ne6 (27... Qd6 28. Qe1+ $10) (27... Rd8 $5 {Ftacnik} 28. Rh5 Nc6 $15)
28. Nd5 Qd6 (28... Qc5+ $2 {Ftacnik} 29. Qxc5 Nxc5 30. Nxc7+ $18) 29. f5 Qxd5 (
29... Nc5 30. Qe3+ Kd8 31. Qg5+ {/\ Qg7|^}) 30. fxe6 Qc4+ $6 (30... f6 $5 31.
Qg3 Qg5+ (31... Qc4+ $5 32. Kb1 Qe4+ 33. Kc1 Rd8 $36) 32. Qxg5 fxg5 33. Rh5 $44
) 31. Kb1 Qd3+ (31... Qe4+ 32. Kc1 f6 33. Qc5) 32. Kc1 Qc4+ 33. Kb1 Qd3+ 34.
Kc1 1/2-1/2

[Event "RUS-ch"]
[Site "Elista"]
[Date "1995.??.??"]
[Round "11"]
[White "Iskusnyh, Sergei"]
[Black "Rublevsky, Sergei"]
[Result "0-1"]
[WhiteElo "2430"]
[BlackElo "2595"]
[Annotator "Chekhov,V"]
[PlyCount "69"]
[EventDate "1995.10.??"]
[EventType "swiss"]
[EventRounds "11"]
[EventCountry "RUS"]
[SourceTitle "CBM 050"]
[Source "ChessBase"]
[SourceDate "1996.02.01"]
[SourceVersion "1"]
[SourceVersionDate "1996.02.01"]
[SourceQuality "1"]

1. d4 d5 2. c4 dxc4 3. e4 e5 4. Nf3 exd4 5. Bxc4 Nc6 6. O-O Be6 7. Bxe6 (7. Bb5
$5) 7... fxe6 8. Qb3 Qd7 9. Qxb7 Rb8 10. Qa6 Nf6 11. Nbd2 (11. e5 Nd5 12. Nbd2
Bc5 13. Ne4 Bb6 14. a3 O-O 15. Qd3 Rf5 $36 {Milov,V-Sermek,D/Biel/1994/0,5/55/}
) 11... Bb4 12. Nc4 $5 {/N/} (12. e5 Ng4 13. Qe2 Qd5 $10 {Sherbakov,
R-Bronstein,D/Hastings/1995/0,5/13/}) 12... O-O (12... Nxe4 13. Nce5 Nxe5 14.
Nxe5 Qd6 15. Qa4+ c6 16. Qxc6+ Qxc6 17. Nxc6 $16) 13. a3 Bc5 14. b4 Bb6 15. b5
Ne7 16. Nfe5 Qe8 17. Re1 (17. f3 $5 $13) 17... Ng6 18. Nc6 $6 (18. Qa4 $6 Nxe5
19. Nxe5 Qh5 20. f4 d3+ 21. Kh1 Bf2 22. Rf1 Qe2 23. Qd1 Nxe4 $19) (18. Nf3 $6
Nh5 19. Kh1 Rxf3 20. gxf3 Qf7 $40) (18. f3 $5) 18... Nh4 $1 (18... Ra8 19. Qa4
Nh4 20. Bg5 $6 (20. Nxb6 axb6 (20... Qg6 $4 21. Ne7+ $18) 21. Qxd4 $16) 20...
Qh5 21. Bxh4 Qxh4 22. g3 Qh3 23. N6e5 Bc5 $36) 19. Qa4 $6 (19. Nxb8 $6 Qg6 20.
g3 Nf3+ 21. Kf1 Nxe1 $19) (19. Bg5 $5 Qh5 $1 20. Bxh4 Qxh4 21. Nxb8 Ng4 (21...
Nxe4 $6 22. g3 Qg4 23. Rxe4 Qxe4 24. Nd7 $16) 22. h3 Qxf2+ (22... Nxf2 $5) 23.
Kh1 Qg3 24. hxg4 Qh4+ 25. Kg1 Qf2+ $10) 19... Qh5 20. h3 (20. Nxb8 $2 Qg4 21.
g3 Nf3+ 22. Kf1 Nxe1 $19) (20. Qd1 Ng4 21. h3 (21. Nxb8 Nf3+ $19) 21... Rxf2
22. Re2 (22. hxg4 Rxg2+ 23. Kh1 Rxg4 $19) 22... Rbf8 23. hxg4 Qxg4 $19) 20...
Rbe8 21. Nxb6 (21. Qd1 Qxb5 22. Nxb6 Qxc6 $19) 21... Qg6 22. g3 Nf3+ 23. Kf1
Nxe1 24. Bf4 (24. Kxe1 Qxe4+ $19) 24... Nd3 25. Qxd4 (25. Bxc7 Nxe4 $19) 25...
Nxf4 26. Nc8 Qxe4 27. N8e7+ Rxe7 28. Nxe7+ Kf7 29. Qxe4 Nxe4 30. Nc6 Nd5 $19
31. Nxa7 Ra8 32. Nc6 Ne7 33. Kg2 Ra4 34. Re1 Kf6 35. Re3 0-1

[Event "Moscow op"]
[Site "Moscow"]
[Date "1995.??.??"]
[Round "3"]
[White "Volkov, Sergey"]
[Black "Ibragimov, Ildar"]
[Result "1-0"]
[WhiteElo "2380"]
[BlackElo "2520"]
[Annotator "Chekhov,V"]
[PlyCount "77"]
[EventDate "1995.??.??"]
[EventType "swiss"]
[EventRounds "9"]
[EventCountry "RUS"]
[SourceTitle "EXT 2000"]
[Source "ChessBase"]
[SourceDate "1999.11.16"]
[SourceVersion "1"]
[SourceVersionDate "1999.11.16"]
[SourceQuality "1"]

1. d4 d5 2. c4 dxc4 3. e4 Nc6 4. d5 (4. Nf3 $5) (4. Be3 $5) 4... Ne5 5. Qd4 $5
{N/} (5. Bf4 Ng6 6. Be3 Nf6 (6... e6 7. Bxc4 exd5 8. exd5 $14) 7. Nc3 e6 (7...
e5 $5) 8. Bxc4 exd5 9. Bxd5 Nxd5 10. Qxd5 Qxd5 11. Nxd5 Bd6 12. O-O-O O-O $11 {
Zilberstein,V-Vorotnikov,V/URS/1973/}) 5... Nd3+ (5... Ng6 6. Nf3 Bg4 7. Bxc4 {
/\7...Bf3 8.Bb5 c6 9.dc!}) 6. Bxd3 cxd3 7. Nc3 c6 (7... e6 8. Bf4 Nf6 9. Nb5)
8. Bf4 Nf6 9. O-O-O g6 10. Nf3 (10. Rxd3 $5 Bg7 11. Be5 O-O 12. Nf3 $14) 10...
Bg7 11. Rxd3 Nh5 12. Be5 f6 13. Bg3 e5 $6 (13... Nxg3 $5 14. hxg3 Qc7 $13) 14.
Qc4 b5 $5 (14... cxd5 15. Nxd5 $18) (14... Qc7 15. Nb5) (14... Qd6 15. Rhd1)
15. Qc5 (15. Qxc6+ Bd7 16. Qa6 (16. Qd6 Bf8 17. Qa6 b4 $44) 16... b4 17. Ne2 (
17. Nb5 Qc8+ $1) (17. Nd1 Qc8+ 18. Qxc8+ Rxc8+ 19. Kb1 Bb5 20. Rb3 a5 $44)
17... Qc8+ 18. Qxc8+ Rxc8+ 19. Kb1 Bb5 20. Rd2 Bh6) 15... Bf8 16. Qe3 (16.
Qxc6+ Bd7 17. Qa6 b4 $44) 16... c5 17. Nxe5 $1 (17. Nxb5 Ba6 18. a4 Qa5 $13)
17... fxe5 (17... Nxg3 18. Nc6) 18. Bxe5 Bg7 (18... Rg8 19. Nxb5 $18) 19. Bxg7
Nxg7 20. Qxc5 Bd7 (20... a6 $5) 21. Nxb5 Bxb5 22. Qxb5+ $18 Qd7 23. Rb3 Qxb5
24. Rxb5 O-O 25. f3 g5 26. h3 h5 27. Kd2 Rae8 (27... g4 $5 28. hxg4 hxg4 29.
Ke3) 28. Rb7 Rf7 29. Rxf7 Kxf7 30. Rc1 Re7 (30... h4 31. Rc7+ Re7 32. d6 $18)
31. h4 $1 gxh4 32. Ke3 Kf6 33. f4 Rb7 34. Rc6+ Ke7 35. b3 a5 36. f5 Ne8 37. Rh6
$6 (37. e5 $18) 37... Kf7 $2 (37... Nf6 $1 38. d6+ Kf7 $16) 38. e5 Rb4 39. f6
1-0

[Event "Candidates FIDE m6"]
[Site "Wijk aan Zee"]
[Date "1994.??.??"]
[Round "5"]
[White "Timman, Jan H"]
[Black "Lautier, Joel"]
[Result "1-0"]
[WhiteElo "2620"]
[BlackElo "2625"]
[Annotator "Chekhov,V"]
[PlyCount "121"]
[EventDate "1994.01.16"]
[EventType "match"]
[EventRounds "8"]
[EventCountry "NED"]
[SourceTitle "CBM 039"]
[Source "ChessBase"]
[SourceDate "1994.04.01"]
[SourceVersion "1"]
[SourceVersionDate "1994.04.01"]
[SourceQuality "1"]

1. d4 {Wolff Hansen,LB} d5 2. c4 dxc4 3. e4 Nc6 4. Be3 (4. Nf3 Bg4 5. d5 Ne5 6.
Bf4 (6. Qd4 Nxf3+ 7. gxf3 Bxf3 8. Bxc4 e5 $1 9. Qxe5+ Qe7 10. Bb5+ Kd8 11.
Qxe7+ Bxe7 12. Rg1 Bxe4 $17) 6... Ng6 7. Bg3 (7. Be3 Nf6 8. Nc3 e6 9. Qa4+ Qd7
10. Qxd7+ Kxd7 11. Bxc4 exd5 12. exd5 Bxf3 13. gxf3 a6 14. Ne4 Re8 15. Nxf6+
gxf6 16. O-O-O Bd6 17. h4 $1 $14 {Gurevich,M-Ivanchuk,V/Reggio Emilia/1991/0,5
(40) Inf 53/364/}) 7... e5 8. Bxc4 Bd6 9. Bb5+ Bd7 10. Bxd7+ Qxd7 11. Nc3 Nf6
12. O-O O-O $132 {Tmman,J-Lautier,J/Wijk aan Zee(m/1)/1994/0,5 (48)/}) 4... Nf6
(4... e5 $5 5. d5 Nce7 6. Bxc4 Ng6 7. Bb5+ $5 (7. Qb3 $5 Bd6 (7... Nf6 8. d6 $1
$16) 8. Bb5+ Kf8 9. Ne2 $14 {Shirov/}) 7... Bd7 8. Qb3 Nf6 9. Bxd7+ Nxd7 10.
Qxb7 Rb8 11. Qc6 Nh4 $1 12. Kf1 Bc5 $1 13. Bxc5 Qg5 14. Nd2 Qxd2 15. Ba3 Qd3+
16. Ne2 Nxg2 17. Qc3 $1 Qxc3 18. Nxc3 $14 {Shirov,A-Murshed,N/Brno/1991/1:0 
(40) Inf 52/381/}) 5. Nc3 (5. f3 $6 e5 6. d5 Nd4 7. Bxd4 exd4 8. Qxd4 c6 9. Nc3
cxd5 10. O-O-O Bb4 11. Bxc4 Bxc3 12. bxc3 O-O 13. exd5 b5 $1 $40 {Beliavsky,
A-Ehlvest,J/USSR/1988/0,5 (41) Inf 41/503/}) 5... e5 6. d5 Ne7 7. Bxc4 Ng6 (
7... a6 $5 {Hansen,LB} 8. f3 Ng6 9. Nge2 Bd6 10. Qd2 Bd7 11. Ng3 h5 $5 12.
O-O-O h4 13. Nf5 Bxf5 14. exf5 Ne7 $13 {Beliavsky,A-Lautier,J/Linares/1994/})
8. Bb5+ $5 $146 (8. h4 $5 Bd6 9. g3 Ng4 10. Bb5+ Kf8 11. Bg5 f6 12. Bd2 Bc5 13.
Nh3 h5 14. Qe2 a6 15. Ba4 $13 {Wilder,M-Ye,R/Beograd/1988/0,5 (65) Inf 46/504/}
) (8. Nf3 Bd6 9. Bb5+ Nd7 10. O-O O-O 11. Re1 a6 12. Bf1 $14 {Khalifman,
A-Mascarinas,R/Manila(ol)/1992/1:0 (27) Inf 55/384/}) 8... Nd7 9. Qd2 $5 a6 10.
Bd3 Bd6 11. Nge2 Qe7 12. f3 b5 $6 {!? Hansen,LB} (12... Nf6 13. h4 (13. O-O-O
$5 {Wolff}) 13... Nh5 14. O-O-O Bd7 15. Kb1 (15. Rdf1 $5 {Wolff Anand} b5 $140
16. g4 Nhf4 17. h5 $16) 15... b5 16. g4 Nhf4 17. h5 Nh4 $13 {Timman,J-Lautier,
J/Wijk aan Zee(m/3)/1994/0:1 (40)/}) 13. O-O O-O 14. Rac1 Nc5 15. Bc2 Bd7 (
15... f5 16. exf5 Bxf5 17. Bxf5 Rxf5 18. Ng3 $14) 16. Ng3 Rfc8 17. Nf5 $1 Qf8 {
?! Hansen,LB} (17... Bxf5 18. exf5 Nf8 19. a3 {/\b4,Ne4+/-/}) 18. Nxd6 cxd6 19.
b4 Nb7 $6 (19... Na4 $5 20. Nxa4 bxa4 21. Bd3 Bb5 22. Bxb5 axb5 23. Rc6 $36)
20. a4 $16 Nd8 $6 (20... Rc4 $5 21. axb5 (21. Bd3 {Wolff} Rxb4 22. Nxb5 Rxa4
23. Nc7 $16) 21... axb5 22. Rb1 Rac8 (22... Ra3 23. Rb3 Rxb3 24. Bxb3 Rc8 25.
Qd3 Qe8 26. Ra1) 23. Rb3 $14) 21. axb5 axb5 22. Bd3 Qe8 23. Ra1 f6 24. Rfc1 Nf7
25. Ra5 Nf4 {!? Hansen,LB} (25... Rxa5 26. bxa5 b4 27. Ne2 $16) (25... Rab8 {
Wolff} 26. Ra7 {Black is strategically lost.}) 26. Rxa8 Rxa8 27. Bxf4 exf4 28.
Qxf4 $18 Ne5 29. Be2 Ra3 30. Qd2 Qa8 31. Qd4 (31. Nxb5 Bxb5 32. Bxb5 Rxf3 $1)
31... Rb3 32. Rb1 Rxb1+ 33. Nxb1 Qa2 34. Nc3 Qb2 35. Kf2 (35. f4 $4 Qc1+) 35...
Qc2 36. Nd1 (36. f4 $6 Ng6 37. g3 (37. Kg3 Qc1) 37... Bg4) 36... g5 (36... Nc4
37. Ne3 Nxe3 38. Qxe3 Qb2 39. Qa7 $18) 37. Qc3 Qb1 38. Ke1 (38. Ne3 $5) (38.
Qb2 $1 Nd3+ (38... Qxd1 $1 {Hansen,LB} 39. Bxd1 Nd3+ $19) 39. Bxd3 Qxd3 40.
Qxf6 Qxd1 41. Qd8+ $18) 38... Kf7 39. Qb2 Nd3+ (39... Qxb2 {Hansen,LB} 40. Nxb2
$18) 40. Bxd3 Qxd3 41. Qd2 Qb1 42. Qb2 Qd3 43. Qc3 Qb1 44. Kd2 Qa2+ 45. Qb2 Qa7
(45... Qc4 46. Ne3 $18) 46. Ne3 h5 {?! Hansen,LB} 47. g3 Ke7 48. h4 {! Hansen,
LB} gxh4 49. gxh4 Kf7 50. Ke2 Ke7 51. Kf2 Kf7 52. Qd2 Kg7 53. Kg2 Qa1 54. Nf1
Kg6 (54... Bh3+ 55. Kxh3 Qxf1+ 56. Qg2+ $18) 55. Ng3 Qb1 56. Ne2 Be8 57. Nf4+
Kg7 58. Ne6+ Kg6 (58... Kf7 59. Qh6) 59. Qf2 (59. Kh2 $18 {Hansen,LB /\Qg2})
59... Kh6 60. Qg3 Qb2+ 61. Kh3 1-0

[Event "Rishon Le Ziyyon"]
[Site "Rishon Le Ziyyon"]
[Date "1992.??.??"]
[Round "4"]
[White "Soffer, Ram"]
[Black "Greenfeld, Alon"]
[Result "0-1"]
[WhiteElo "2450"]
[BlackElo "2535"]
[Annotator "ChessBase"]
[PlyCount "108"]
[EventDate "1992.??.??"]
[EventType "tourn"]
[EventRounds "13"]
[EventCountry "ISR"]
[EventCategory "8"]
[SourceTitle "CBM 033 Extra"]
[Source "ChessBase"]
[SourceDate "1993.05.01"]
[SourceVersion "1"]
[SourceVersionDate "1993.05.01"]
[SourceQuality "1"]

1. d4 d5 2. c4 dxc4 3. e4 c5 4. d5 Nf6 5. Nc3 b5 6. e5 b4 7. exf6 bxc3 8. bxc3
Nd7 9. Bxc4 Nb6 10. Be3 exf6 11. Ne2 Bd6 12. Bd3 c4 13. Bxc4 O-O 14. Bd3 Qc7
15. Bxb6 axb6 16. h3 f5 17. O-O Ra5 18. c4 Be5 19. Rb1 Rxa2 20. Qb3 Rd2 21.
Rfd1 Rxd1+ 22. Rxd1 f4 23. Bc2 Ba6 24. Qd3 g6 25. Bb3 Rc8 26. d6 Qd7 27. Nc3
Rd8 28. Ne4 Kg7 29. Qd5 f6 30. c5 Bb7 31. Qd3 Qc6 32. Bd5 Qxd5 33. Qxd5 Bxd5
34. Rxd5 bxc5 35. d7 Kf7 36. Nxc5 Ke7 37. Rd1 Bd6 38. Nb7 Rxd7 39. Nxd6 Rxd6
40. Re1+ Kf7 41. Ra1 g5 42. Kf1 Rb6 43. Ra2 Kg6 44. Ra3 Kh5 45. Ke2 Kh4 46. Kf1
Rb1+ 47. Ke2 h5 48. Kf3 $4 (48. Rc3 f5 49. Rc5 Rb2+ 50. Kf1 f3 51. gxf3 Kxh3
52. Rxf5 Rb1+ 53. Ke2) 48... Rb2 49. Ra6 g4+ 50. Kxf4 Rxf2+ 51. Ke3 Kg3 52.
hxg4 hxg4 53. Ra4 f5 54. Ra1 Kxg2 0-1

[Event "EU-chT 08th Final"]
[Site "Plovdiv"]
[Date "1983.??.??"]
[Round "6.3"]
[White "Fedder, Steen"]
[Black "Nikolic, Predrag"]
[Result "0-1"]
[WhiteElo "2440"]
[BlackElo "2490"]
[Annotator "ChessBase"]
[PlyCount "110"]
[EventDate "1983.06.23"]
[EventType "team-tourn"]
[EventRounds "7"]
[EventCountry "BUL"]
[SourceTitle "EU-chT"]
[Source "ChessBase"]
[SourceDate "1999.07.01"]
[SourceVersion "2"]
[SourceVersionDate "1999.07.01"]
[SourceQuality "1"]
[WhiteTeam "Denmark"]
[BlackTeam "Yugoslavia"]
[WhiteTeamCountry "DEN"]
[BlackTeamCountry "YUG"]

1. d4 d5 2. c4 dxc4 3. e4 Nf6 4. e5 Nd5 5. Bxc4 Nb6 6. Bb3 Bf5 7. Qf3 (7. Nf3
$5) (7. Nc3 $5) 7... e6 8. Ne2 (8. Qxb7 Qxd4 $17) 8... Nc6 9. Be3 Na5 10. Bd1
Qd5 11. Nec3 Qxf3 12. Bxf3 O-O-O 13. Nd2 Nac4 14. Nxc4 Nxc4 15. O-O-O Be7 16.
h4 h6 17. g4 Bh7 18. Be4 Bxe4 19. Nxe4 Rd5 20. b3 Nb6 21. h5 Rd7 22. Kb2 Nd5
23. Bd2 Bb4 24. Bc1 Rhd8 25. a3 Bf8 26. Rh3 Ne7 27. Rhd3 Nc6 28. Kc3 a5 29. g5
hxg5 30. Bxg5 Be7 31. Rg3 Bxg5 32. Rxg5 Nxd4 33. Nd6+ cxd6 34. Rxd4 dxe5 35.
Rxd7 Kxd7 36. Rxg7 Ke7 37. Rg4 Rh8 38. Rh4 Kf6 39. Kc4 Kg5 40. Re4 f6 41. Kb5
Rxh5 42. Kxa5 Rh2 43. Kb6 Rxf2 44. Kxb7 Kf5 45. Re1 e4 46. a4 Rb2 47. Ra1 Rxb3+
48. Kc6 e3 49. a5 e2 50. a6 Ra3 51. Rxa3 e1=Q 52. Rb3 Qe4+ 53. Kb6 Qd4+ 54. Ka5
e5 55. Rb7 Qc5+ 0-1

[Event "FIDE-Wch k.o."]
[Site "Moscow"]
[Date "2002.01.19"]
[Round "7.4"]
[White "Ivanchuk, Vassily"]
[Black "Ponomariov, Ruslan"]
[Result "1/2-1/2"]
[WhiteElo "2717"]
[BlackElo "2727"]
[Annotator "ChessBase"]
[PlyCount "100"]
[EventDate "2001.11.27"]
[EventType "k.o."]
[EventRounds "7"]
[EventCountry "RUS"]
[SourceTitle "CBM 086"]
[Source "ChessBase"]
[SourceDate "2002.02.05"]
[SourceVersion "1"]
[SourceVersionDate "2002.02.05"]
[SourceQuality "1"]

1. d4 d5 2. c4 dxc4 {So spielte Ponomariov auch in der zweiten Partie, wo er
mit dem Ruecken zur Wand stand und nur gerade so ueberlebte.} 3. e4 Nf6 4. e5
Nd5 5. Bxc4 Nb6 6. Bb3 ({In der zweite Partie spielte Ivanchuk} 6. Bd3 {
es folgte} Nc6 7. Ne2 Bg4 8. f3 Be6 9. Nbc3 Bc4 {usw. Offenbar hatte
Ponomariov irgendwo eine Verbeserung in petto, aber Ivanchuk wollte diese
nicht sehen und wich gleich ab, 6.Lb3 ist der haeufiger gespielte Zug.}) 6...
Nc6 7. Ne2 Bf5 8. Nbc3 e6 9. O-O Qd7 10. Be3 O-O-O ({RR} 10... Rd8 11. Ng3 Bg6
12. h4 Nxd4 13. Bxd4 Qxd4 14. Qf3 Qxh4 15. Qxb7 Bc5 16. Qc6+ Nd7 17. Rad1 Bb6
18. Rxd7 Rxd7 19. Rd1 O-O 20. Rxd7 Qxg3 21. Qxb6 Qxc3 22. bxc3 cxb6 23. Rxa7
Rc8 24. c4 h5 25. Rd7 Rc5 26. f4 b5 27. cxb5 Rxb5 28. Kf2 Rc5 {1/2-1/2 Shirov,
A-Anand,V/Dortmund 1992/CBM 29/[Ftacnik] (28)}) 11. Qc1 $146 {Ein typisches
Manoever, das aber an dieser Stelle wohl neu ist. Bisher wurde meist erst 11.
a3 gespielt.} (11. a3 {und nun z.B.:} h5 (11... f6 12. exf6 gxf6 13. Ng3 Bg6
14. Qe2 Kb8 15. Rfd1 Ne7 16. Nge4 Ned5 17. Nc5 Qe8 18. Rac1 Bh5 19. f3 Rg8 20.
Nxd5 Nxd5 21. Bxd5 exd5 22. Re1 Bd6 23. Nd3 Qe6 24. Kh1 Rde8 25. Qd2 Bxf3 26.
gxf3 Qh3 {0-1 Mohr,S-Huebner,R/SUI 1996/CBM 55 ext (26)}) 12. Ba2 h4 13. h3 f6
14. f4 g5 15. fxg5 fxg5 16. Bxg5 Be7 17. Be3 Rhg8 18. Rxf5 exf5 19. Bxg8 Rxg8
20. Qb3 Rg7 21. Rf1 Na5 22. Qc2 Nac4 23. Bc1 Bg5 24. Rxf5 Be3+ 25. Bxe3 Rxg2+
26. Kh1 Rg8 27. Bf2 Nd5 28. Qe4 {1-0 Seres,L-Fernandez,R/Budapest 2001/CBM 83
ext (28)}) 11... Nb4 {Schwarz nutz t sofort aus, dass Weiss auf a2-a3
verzichtet hat und erhoeht die Kontrolle ueber das Feld d5.} 12. Rd1 Kb8 13.
Nf4 c6 {Womit klar ist, das der von Weiss gewuenschte Durchbruch d4-d5 nicht
realisierbar ist.} 14. Qd2 h5 15. Qe2 h4 16. Rac1 Be7 17. a3 N4d5 18. Nd3 f6
19. Bd2 (19. exf6 gxf6 {waere im Sinne von Schwarz, der dann die g-Linie zum
Angriff nutzen kann.}) 19... Bxd3 20. Qxd3 f5 {Nun wird Weiss in die Defensive
gedraengt.} 21. Ne2 (21. f4 g5 {gefiel Ivanchuk nicht.}) 21... g5 22. Bc2 g4
23. b4 Rdf8 24. Rf1 Qd8 (24... f4 25. f3 h3 $5) 25. f4 gxf3 26. gxf3 {um den
Angriff auf der g-Linie zu neutralisieren.} ({Nach} 26. Rxf3 {hat Schwarz eine
Reihe von Angriffszuegen:} Bg5 (26... h3) (26... Rfg8)) 26... Rfg8+ 27. Kh1 h3
28. f4 Rg2 29. Rf3 Qg8 30. Rg3 Rxg3 {Diagramm #} 31. hxg3 {will die Linien
geschlossen halten.} (31. Qxg3 Nc4 $17) (31. Nxg3 Rh4 $17) 31... h2 {Sonst
spielt Weiss 32.Kh2.} 32. Rf1 {Der weisse Plan ist nun Tf1-f2-g2 und Df3-f2
mit Gewinn des h-Bauern.} Qg4 33. Rf2 Qh5 (33... Qh3 $5 34. Bb3 (34. Qf3 Nc4
$17) (34. Rg2 $4 Qxg2+ 35. Kxg2 h1=Q+ 36. Kf2 Rh2#) 34... Nc7 35. Qf3 Nbd5 36.
Rg2 {macht wohl keinen grossen Unterschied.}) 34. Bb3 Nc7 35. Qf3 Qh3 36. Rg2
Nbd5 37. Qf2 Nb5 38. Bxd5 {Wickelt in ein Endspiel mit Mehrbauern ab, das
Weiss aber aufgrund seines schlechten Laeufers nicht gewinnen kann.} cxd5 39.
a4 Na3 40. Rxh2 Qxh2+ 41. Qxh2 Rxh2+ 42. Kxh2 Nc4 43. Bc3 Kc7 44. Kh3 b5 45.
axb5 Kb6 46. Be1 Ne3 47. Bd2 Nc4 48. Be1 Ne3 49. Bd2 Nc4 50. Be1 Ne3 1/2-1/2

[Event "EU-chT 08th Final"]
[Site "Plovdiv"]
[Date "1983.??.??"]
[Round "1.2"]
[White "Petrosian, Tigran V"]
[Black "Radulov, Ivan"]
[Result "1-0"]
[WhiteElo "2605"]
[BlackElo "2495"]
[Annotator "ChessBase"]
[PlyCount "81"]
[EventDate "1983.06.23"]
[EventType "team-tourn"]
[EventRounds "7"]
[EventCountry "BUL"]
[SourceTitle "EU-chT"]
[Source "ChessBase"]
[SourceDate "1999.07.01"]
[SourceVersion "2"]
[SourceVersionDate "1999.07.01"]
[SourceQuality "1"]
[WhiteTeam "Soviet Union"]
[BlackTeam "Bulgaria"]
[WhiteTeamCountry "URS"]
[BlackTeamCountry "BUL"]

1. d4 d5 2. c4 dxc4 3. Nc3 e6 4. e4 c5 5. d5 exd5 6. Nxd5 Nf6 7. Bxc4 Nxd5 8.
Bxd5 Bd6 9. Qh5 g6 (9... Qf6 $5 10. Nf3 Qg6 $14) 10. Qh6 Bf8 11. Qe3 Nd7 12.
Qb3 Qe7 13. Nf3 h6 14. Bf4 Bg7 15. O-O-O $1 c4 16. Qxc4 O-O 17. Bd6 Qe8 18.
Bxf8 Qxf8 19. Kb1 Nb6 20. Qe2 Nxd5 21. Rxd5 Be6 22. Rb5 Rc8 23. Rxb7 Qc5 24.
Rd1 a5 25. Rb5 Qc7 26. Rbd5 Bxd5 27. exd5 Qd6 28. Rd2 a4 29. a3 Rb8 30. Ka2 Qb6
31. d6 Qb3+ 32. Kb1 Qxa3 33. d7 Qf8 34. Ne5 Bxe5 35. Qxe5 Rd8 36. Qd6 Qxd6 37.
Rxd6 Kf8 38. Ka2 Ke7 39. Rd2 Ke6 40. Ka3 Ke7 41. h4 1-0

[Event "URS-ch51 Final"]
[Site "Lvov"]
[Date "1984.04.09"]
[Round "6"]
[White "Beliavsky, Alexander G"]
[Black "Chekhov, Valery A"]
[Result "1-0"]
[WhiteElo "2565"]
[BlackElo "2535"]
[Annotator "ChessBase"]
[PlyCount "97"]
[EventDate "1984.04.03"]
[EventType "tourn"]
[EventRounds "17"]
[EventCountry "URS"]
[EventCategory "10"]
[SourceTitle "URS-ch"]
[Source "ChessBase"]
[SourceDate "1999.07.01"]
[SourceVersion "1"]
[SourceVersionDate "1999.07.01"]
[SourceQuality "1"]

1. d4 d5 2. c4 dxc4 3. e4 e5 4. Nf3 exd4 5. Bxc4 Bb4+ 6. Nbd2 Nc6 7. O-O Qf6 8.
Nb3 Bg4 9. Nbxd4 Nxd4 10. Qxd4 Bxf3 11. Qxf6 Nxf6 12. gxf3 Nd7 13. Rd1 Ne5 14.
Bb5+ c6 15. Be2 f6 16. Be3 Ke7 17. f4 Ng6 18. Kg2 Bd6 19. Kf3 Rhd8 20. Rg1 Bc7
21. Rg4 Bb6 22. Rag1 Rd7 23. R1g3 (23. h4 $1 $16) 23... Rf8 24. Rh3 f5 25. exf5
Rxf5 26. Rxh7 Kf6 27. Rg5 Rxg5 28. fxg5+ Kf5 29. Bc1 Bc7 30. Bf1 Ne5+ 31. Kg2
Ng6 32. Kf3 Ne5+ 33. Ke2 Re7 34. Kd1 Ng4 35. f3 Nf2+ 36. Kc2 Re1 37. Rxg7 Be5
38. Rf7+ Kg6 39. Bc4 b5 40. Bb3 Re2+ 41. Bd2 c5 42. Bd5 Bd4 43. Rd7 Be3 44. Bc6
a6 45. h4 c4 46. f4 b4 47. h5+ Kf5 48. g6 Ng4 49. Bf3 1-0